000 00596cam a2200181 4500
001 WS107497
008 000000n 000 0 eng u
035 _a(Sirsi) u107497
245 _aHousing Today
520 _aOnline version of this journal for the social housing industry including a searchable index, news stories and job adverts.
650 0 _aJOURNALS
650 _aEMPLOYMENT
650 0 _aJOB ADVERTISEMENTS
650 _aRESIDENTIAL
690 _aHOUSING
856 4 0 _uhttps://www.housingtoday.org.uk
_zView the website free of charge at www.housingtoday.org.uk...
942 _n0
999 _c119544
_d119544